[Event "10th KIIT Elite Open 2017"]
[Site "Bhubaneswar IND"]
[Date "2017.05.29"]
[Round "6.5"]
[White "Tukhaev,A"]
[Black "Krishna,CRG"]
[Result "1-0"]
[WhiteElo "2557"]
[BlackElo "2392"]

1.e4 e6 2.d4 d5 3.Nc3 Bb4 4.e5 Ne7 5.a3 Bxc3+ 6.bxc3 c5 7.Qg4 cxd4 8.Bd3 Qa5
9.Ne2 O-O 10.Bg5 Ng6 11.Qg3 Nd7 12.h4 dxc3 13.f4 h5 14.Qh2 Nc5 15.g4 Nxd3+
16.cxd3 c2+ 17.Kf2 Bd7 18.gxh5 Bb5 19.Qg3 Qd2 20.Rh3 Rfc8 21.Rc1 Qa5 22.hxg6
fxg6 23.h5 gxh5 24.Bf6 Rc7 25.Rxh5 Rf8 26.Rg1 {#r} 1-0

[Event "26th Chicago Open 2017"]
[Site "Chicago USA"]
[Date "2017.05.25"]
[Round "1.23"]
[White "Daggupati,Balaji"]
[Black "Harmon-Vellotti,Luke"]
[Result "0-1"]
[WhiteElo "2188"]
[BlackElo "2449"]
[EventType "swiss"]

1.e4 e6 2.d4 d5 3.Nc3 Bb4 4.e5 c5 5.a3 Bxc3+ 6.bxc3 Ne7 7.Qg4 Qc7 8.Bd3 cxd4
9.Ne2 dxc3 10.Qxg7 Rg8 11.Qxh7 Qxe5 12.h4 Rxg2 13.Kf1 Rg8 14.Bf4 Qh8 15.Qxh8
Rxh8 16.Be5 Rf8 17.Bg7 Rg8 18.Bxc3 Nd7 19.Bh7 Rf8 20.Bg7 f5 21.h5 Rf7 22.h6
Nf8 23.Bg8 Nxg8 24.Bxf8 Rh7 25.Bg7 Bd7 26.Nd4 O-O-O 27.Rh3 e5 28.Rc3+ Kb8
29.Bxe5+ Ka8 30.Rb1 Rxh6 31.Nb5 Bxb5+ 32.Rxb5 b6 33.Bc7 Rc8 34.Rxd5 Nf6 35.Rd8
Rxd8 36.Bxd8 Ne4 37.Rc8+ Kb7 38.Rc7+ Ka6 39.Rf7 Nd6 40.Rd7 Nc4 41.Bc7 Rh8
42.Rd4 Kb5 43.Bd6 Nxd6 44.Rxd6 Ka4 45.Rd5 Kxa3 46.Rxf5 Rc8 47.Rf7 a5 48.Rf3+
Ka4 49.Rb3 b5 50.Rb2 b4 51.Ke2 Kb5 52.Kd2 a4 53.Rb1 Rd8+ 54.Kc1 Kc4 55.Kb2 a3+
56.Ka1 Rd2 57.Rh1 Rxc2 58.f4 b3 59.Re1 b2+ 60.Ka2 Rc1 {#R} 0-1

[Event "26th Chicago Open 2017"]
[Site "Chicago USA"]
[Date "2017.05.25"]
[Round "1.32"]
[White "Patel,Advait"]
[Black "Lehmann,Spencer G"]
[Result "0-1"]
[WhiteElo "2385"]
[BlackElo "2137"]
[EventType "swiss"]

1.e4 e6 2.d4 d5 3.Nc3 Bb4 4.e5 c5 5.a3 Bxc3+ 6.bxc3 Qc7 7.Qg4 f5 8.Qg5 Nc6
9.Nf3 cxd4 10.cxd4 Nge7 11.Bd2 O-O 12.Bd3 Bd7 13.h4 f4 14.Qg4 Nxd4 15.O-O
Nxf3+ 16.Qxf3 Qxe5 17.Bc3 Qc7 18.Rae1 Ng6 19.Bb4 Rf7 20.Qh5 a5 21.Bd2 e5 22.f3
Re8 23.Rf2 Qb6 24.Bc3 e4 25.fxe4 f3 26.exd5 Rxe1+ 27.Bxe1 Qb1 28.Rf1 fxg2
29.Kxg2 Qxe1 {#R} 0-1

[Event "26th Chicago Open 2017"]
[Site "Chicago USA"]
[Date "2017.05.26"]
[Round "2.35"]
[White "Hong,Andrew Z"]
[Black "Korba,Nicky"]
[Result "1-0"]
[WhiteElo "2383"]
[BlackElo "2171"]
[EventType "swiss"]

1.e4 e6 2.d4 d5 3.Nc3 Bb4 4.e5 c5 5.a3 Bxc3+ 6.bxc3 Ne7 7.h4 Qa5 8.Bd2 Qa4
9.h5 h6 10.Nf3 b6 11.Rh4 Qc6 12.dxc5 bxc5 13.Rg4 Kf8 14.c4 dxc4 15.Bxc4 Ba6
16.Rb1 Bxc4 17.Rxc4 Nd7 18.Be3 Rc8 19.Qd3 Nd5 20.a4 Nxe3 21.Qxe3 Ke7 22.a5
Rhd8 23.Rd1 Qb5 24.Qc3 Nb8 25.Rxd8 Kxd8 26.Nd2 Nd7 27.Rg4 c4 28.Rxg7 Nxe5
29.f4 Rc5 30.fxe5 Rxe5+ 31.Kd1 Rxh5 32.Qf6+ Kc8 33.Rg8+ Kb7 34.Qxf7+ Ka6
35.Qxe6+ Kxa5 36.Nxc4+ Kb4 37.Qd6+ Kxc4 38.Rg4+ {#r} 1-0

[Event "Deltalift Open 2017"]
[Site "Tylosand SWE"]
[Date "2017.05.25"]
[Round "2.3"]
[White "Karlsson,J"]
[Black "Hector,J"]
[Result "1-0"]
[WhiteElo "2095"]
[BlackElo "2498"]

1.e4 e5 2.Bc4 Nf6 3.d3 c6 4.Bb3 d5 5.Nd2 a5 6.c3 Bd6 7.Ngf3 O-O 8.O-O Re8
9.Re1 Bg4 10.h3 Bh5 11.Nf1 Nbd7 12.Ng3 Bg6 13.Bg5 h6 14.Bd2 Nc5 15.Bc2 dxe4
16.dxe4 Bh7 17.Qe2 Qb6 18.b3 Ne6 19.Rad1 Nf4 20.Qc4 Qc7 21.a4 Rad8 22.Bc1 b6
23.Nh4 Bf8 24.Nhf5 Qb7 25.Qf1 b5 26.axb5 cxb5 27.Rxd8 Rxd8 28.Rd1 Rc8 29.Qe1
Qc6 30.Bb2 g6 31.Ne3 h5 32.c4 Bb4 33.Qf1 Qe6 34.cxb5 Bc5 35.Nc4 Nd7 36.Ne2 g5
37.Nxf4 gxf4 38.Qd3 Nf6 39.Qe2 Nd7 40.Qxh5 f6 41.Qe2 Bb4 42.Rxd7 Qxd7 43.Nb6
Rxc2 44.Qxc2 Qb7 45.Nd5 Kg7 46.Qc6 Qf7 47.f3 Bg8 48.b6 Qf8 49.b7 Bc5+ 50.Kh2
Ba7 51.Bc3 Bxd5 52.Qxd5 Kh6 53.Qxa5 Bf2 54.Be1 Bxe1 55.Qxe1 Qd6 56.Qh4+ Kg6
57.Qg4+ Kh6 58.Qc8 {#r} 1-0

[Event "Deltalift Open 2017"]
[Site "Tylosand SWE"]
[Date "2017.05.27"]
[Round "7.15"]
[White "Silseth,S"]
[Black "Harren,M"]
[Result "1-0"]
[WhiteElo "2254"]
[BlackElo "2090"]

1.e4 e5 2.Bc4 Nf6 3.d3 c6 4.Nf3 d5 5.Bb3 a5 6.a3 a4 7.Ba2 Bd6 8.Nc3 Be6 9.Ng5
Bg4 10.Nf3 Be6 11.Bg5 d4 12.Ne2 Bxa2 13.Rxa2 Nbd7 14.O-O b5 15.Ng3 Qc7 16.Nf5
Bf8 17.Qc1 g6 18.Nh6 c5 19.c3 Qb6 20.h3 Nh5 21.Ng4 f6 22.Bd2 Ng7 23.Ra1 Ne6
24.Qc2 h5 25.Ngh2 g5 26.Rab1 Rb8 27.Rfc1 Bd6 28.Nf1 h4 29.N1h2 Kf7 30.Ng4 Kg6
31.Ra1 Ra8 32.Qd1 Be7 33.Ne1 Rhc8 34.c4 Rc7 35.g3 hxg3 36.fxg3 bxc4 37.Rxc4
Qb3 38.Rc2 c4 39.Qf3 Ng7 40.h4 Rh8 41.hxg5 fxg5 42.dxc4 Bf6 43.Bb4 Nb6
44.Qxf6+ {#r} 1-0

[Event "26th Chicago Open 2017"]
[Site "Chicago USA"]
[Date "2017.05.25"]
[Round "1.21"]
[White "Lapan,Dan"]
[Black "Mitkov,N1"]
[Result "0-1"]
[WhiteElo "2194"]
[BlackElo "2454"]
[EventType "swiss"]

1.e4 e5 2.Nc3 Nc6 3.g3 Bc5 4.Bg2 d6 5.Na4 Nge7 6.Ne2 O-O 7.O-O a5 8.b3 Ba7
9.Bb2 Bd7 10.Nac3 Qc8 11.Nb5 Bb6 12.d4 Bg4 13.f3 Bh3 14.Qd2 a4 15.Rad1 axb3
16.axb3 Ra2 17.Qc1 exd4 18.Nbxd4 d5 19.Kh1 Bxg2+ 20.Kxg2 Nxd4 21.Nxd4 dxe4
22.fxe4 Bxd4 23.Rxd4 Qe6 24.Qb1 Ra5 25.c4 Rc8 26.Re1 Rh5 27.Rd2 Qh6 28.Rde2
Rxh2+ 29.Kg1 Rh1+ 30.Kg2 Qh3+ 31.Kf3 Qh5+ 32.Ke3 Nf5+ 33.Kd2 Nxg3 34.Rg2 Qf3
35.Rxg3 Rd8+ 36.Kc2 Qf2+ {#R} 0-1

[Event "10th KIIT Elite Open 2017"]
[Site "Bhubaneswar IND"]
[Date "2017.05.29"]
[Round "6.23"]
[White "Ramakrishna,J"]
[Black "Aradhya,Garg"]
[Result "0-1"]
[WhiteElo "2157"]
[BlackElo "2304"]

1.e4 e5 2.f4 Bc5 3.Nf3 d6 4.Nc3 Nc6 5.Na4 Bg4 6.Bb5 Bb6 7.Nxb6 axb6 8.h3 Bxf3
9.Qxf3 Ne7 10.Bxc6+ Nxc6 11.c3 O-O 12.f5 d5 13.d3 dxe4 14.dxe4 Ra4 15.O-O Qh4
16.b4 Rd8 17.a3 Raa8 18.Bb2 Rd2 19.Bc1 Rd6 20.Bb2 Rd2 21.Bc1 Rd6 22.Bb2 Rad8
23.Rad1 h6 24.Rd5 Rxd5 25.exd5 e4 26.Qd1 b5 27.c4 bxc4 28.b5 Ne7 29.Qd4 Qg5
30.Qxe4 Nxd5 31.Bc1 Qf6 32.Qxc4 Qc3 33.Qe2 Qc5+ 34.Kh1 Nf6 35.Bf4 Re8 36.Qd3
Qd5 37.Rd1 Re1+ {#R} 0-1

[Event "ch-Flemish 2017"]
[Site "Ghent BEL"]
[Date "2017.05.26"]
[Round "4.6"]
[White "Maddens,M"]
[Black "Barbe,T"]
[Result "0-1"]
[WhiteElo "2210"]
[BlackElo "2074"]

1.e4 e5 2.f4 exf4 3.Bc4 Qh4+ 4.Kf1 d6 5.d4 Be6 6.Qd3 Nd7 7.Nc3 c6 8.Nf3 Qh6
9.d5 Bg4 10.dxc6 bxc6 11.Nd5 Nc5 12.Qd2 Ne6 13.Nxf4 Nxf4 14.Qxf4 Qxf4 15.Bxf4
f6 16.Rd1 O-O-O 17.Rd3 g5 18.Ba6+ Kc7 19.Be3 Rb8 20.Bd4 Be7 21.h4 h5 22.hxg5
Rb4 23.b3 c5 24.Bc3 Rxe4 25.Bc4 Be6 26.Bxe6 Rxe6 27.g4 h4 28.Nxh4 Re4 29.Rg3
d5 30.Rhh3 d4 31.Ba5+ Kd7 32.g6 f5 33.g7 Rxh4 34.gxf5 Ref4+ 35.Kg2 Rxh3
36.Kxh3 Rxf5 37.c3 Rh5+ 38.Kg2 Rg5 39.cxd4 cxd4 40.Rxg5 Bxg5 41.Kf3 Bf6 42.Ke4
Kc6 {#R} 0-1

[Event "TCh-FRA Top 12 2017"]
[Site "Chartres FRA"]
[Date "2017.05.24"]
[Round "7.2"]
[White "Cornette,M"]
[Black "Iglesias,Joa"]
[Result "1-0"]
[WhiteElo "2593"]
[BlackElo "2258"]

1.e4 d6 2.d4 Nf6 3.Nc3 e5 4.Nf3 Nbd7 5.Bc4 Be7 6.a4 O-O 7.O-O c6 8.h3 a5 9.Re1
Nb6 10.Bb3 Nfd7 11.Be3 exd4 12.Nxd4 Nc5 13.Qf3 Nxb3 14.cxb3 Bg5 15.Rad1 Bxe3
16.Qxe3 Bd7 17.Qg3 Nc8 18.Nce2 c5 19.Nb5 Bxb5 20.axb5 Qf6 21.Nc3 Qg6 22.Qf4
Qh6 23.Qxh6 gxh6 24.e5 dxe5 25.Rxe5 b6 26.Nd5 Ra7 27.Rd3 Kh8 28.Rh5 Rd8
29.Rxh6 f6 30.Rh5 Rg7 31.Rf3 Rg5 32.Nxf6 Rxh5 33.Nxh5 Kg8 34.Rg3+ Kf7 35.Rg7+
Ke6 36.Rxh7 Rd1+ 37.Kh2 Rd2 38.Rh6+ Kd7 39.Nf6+ Kd8 40.Rh8+ Kc7 41.Rh7+ Kb8
42.Nd7+ Ka8 {#r} 1-0

[Event "TCh-FRA Top 12 2017"]
[Site "Chartres FRA"]
[Date "2017.05.25"]
[Round "8.5"]
[White "Fressinet,L"]
[Black "Savina,A"]
[Result "1-0"]
[WhiteElo "2668"]
[BlackElo "2364"]

1.e4 d6 2.d4 Nf6 3.Nc3 e5 4.Nf3 Nbd7 5.Bc4 Be7 6.a4 c6 7.O-O O-O 8.h3 Nxe4
9.Nxe4 d5 10.Re1 exd4 11.Bxd5 cxd5 12.Ng3 Nb8 13.Nxd4 Nc6 14.Be3 g6 15.Qd2 Bf6
16.Rad1 Re8 17.b3 a6 18.Nxc6 bxc6 19.Bd4 Rxe1+ 20.Rxe1 Be6 21.Ne2 Rc8 22.b4
Bd7 23.Nf4 Bxd4 24.Qxd4 Bf5 25.c3 Qd6 26.Re2 a5 27.g4 Bb1 28.bxa5 c5 29.Qd2 d4
30.c4 d3 31.Re1 Bc2 32.Nd5 Rf8 33.Qh6 Rb8 34.a6 Qxa6 35.g5 d2 36.Rf1 {#r} 1-0

[Event "TCh-FRA Top 12 2017"]
[Site "Chartres FRA"]
[Date "2017.05.26"]
[Round "9.1"]
[White "Riff,JN"]
[Black "Iglesias,Joa"]
[Result "1-0"]
[WhiteElo "2476"]
[BlackElo "2258"]

1.e4 d6 2.d4 Nf6 3.Nc3 e5 4.Nf3 Nbd7 5.Bc4 Be7 6.a4 O-O 7.O-O a5 8.h3 b6 9.Qe2
Bb7 10.Rd1 Qc8 11.Bg5 h6 12.Bh4 Re8 13.dxe5 Nxe5 14.Nxe5 dxe5 15.Bxf6 Bxf6
16.Qh5 Rf8 17.Rd3 Qe8 18.Rad1 Rd8 19.Rxd8 Bxd8 20.Qf5 c6 21.Qd7 Qxd7 22.Rxd7
Bc8 23.Bxf7+ Kh7 24.Ra7 b5 25.axb5 Bb6 26.Re7 cxb5 27.Nxb5 Ba6 28.Nc3 Bd4
29.Nd5 Bxb2 30.Be6 Bc8 31.Bxc8 Rxc8 32.Ra7 Bd4 33.Rxa5 Rxc2 34.Ne3 Bxe3
35.fxe3 Re2 36.Rxe5 Kg6 37.Kf1 Rxe3 38.Kf2 Ra3 39.Rf5 h5 40.h4 Kh6 41.g3 g6
42.Rf7 Ra5 43.Kf3 Rc5 44.Rd7 Ra5 45.Kf4 Ra4 46.Rf7 Rc4 47.Ra7 Rb4 48.Rc7 Ra4
49.Rc3 Kg7 50.Rd3 Kf6 51.Rd6+ Kf7 52.Kg5 Ra3 53.Rf6+ Ke7 54.Rxg6 Rxg3+ 55.Kxh5
Re3 56.Rg4 Kf6 57.Kh6 Re1 58.h5 Rh1 59.Rg5 Ra1 60.Rf5+ Ke6 61.Kg6 Ra8 62.h6
Rg8+ 63.Kh5 Rg2 64.h7 Rg1 65.Kh6 {#r} 1-0

[Event "TCh-FRA Top 12 2017"]
[Site "Chartres FRA"]
[Date "2017.05.28"]
[Round "11.2"]
[White "Youssoupov,M"]
[Black "Hamitevici,V"]
[Result "0-1"]
[WhiteElo "2233"]
[BlackElo "2487"]

1.d4 d6 2.e4 Nf6 3.Nc3 e5 4.Nf3 Nbd7 5.Bc4 Be7 6.O-O O-O 7.Re1 b6 8.a4 a6 9.b3
Bb7 10.Bb2 c6 11.Bf1 Re8 12.Qd2 Bf8 13.Rad1 Qc7 14.dxe5 dxe5 15.h3 b5 16.axb5
axb5 17.g3 Nc5 18.Bg2 b4 19.Na4 Nxa4 20.bxa4 Rxa4 21.Qg5 Ra5 22.Ra1 h6 23.Qc1
Rxa1 24.Bxa1 c5 25.Bxe5 Rxe5 26.Nxe5 Qxe5 27.Kh2 c4 28.f4 Qh5 29.Qd2 Bc5 30.f5
Bf2 31.Re2 Ng4+ 32.Kh1 Bxg3 33.Kg1 Ne5 34.Qe3 Qg5 35.Qxg5 hxg5 36.Rd2 c3 {#R}
0-1

[Event "36th Zalakaros Open 2017"]
[Site "Zalakaros HUN"]
[Date "2017.05.26"]
[Round "9.47"]
[White "Marosi,Le"]
[Black "Borsos,B"]
[Result "1-0"]
[WhiteElo "2286"]
[BlackElo "2321"]

1.e4 d6 2.d4 Nf6 3.Nc3 e5 4.Nf3 Nbd7 5.Rg1 Be7 6.g4 c6 7.g5 Nh5 8.dxe5 dxe5
9.Nxe5 Nxe5 10.Qxh5 Bg4 11.Rxg4 Nf3+ 12.Ke2 Nd4+ 13.Kd1 Nb3+ 14.Bd3 g6 15.Qh3
Nxa1 16.b3 Qd7 17.Bb2 Nxc2 18.Kxc2 O-O-O 19.Rg3 Qxh3 20.Rxh3 Bxg5 21.Ne2 Rhe8
22.f4 Be7 23.Rxh7 Rf8 24.Bg7 Rg8 25.Bc3 Bc5 26.Rxf7 Rd7 27.Bc4 Re8 28.e5 Ree7
29.e6 Rd8 30.Bf6 Rxf7 31.exf7 Rf8 32.f5 gxf5 33.Nf4 b5 34.Be6+ Kb7 35.Ng6 Ra8
36.h4 a5 37.a4 bxa4 38.bxa4 Bd6 39.h5 f4 40.h6 f3 41.h7 f2 42.Bc4 Kb6 43.f8=Q
Bxf8 44.h8=Q Kc5 45.Qh4 {#r} 1-0

[Event "Bodensee Open 2017"]
[Site "Bregenz AUT"]
[Date "2017.05.23"]
[Round "4.6"]
[White "Hoellrigl,W"]
[Black "Rolle,E"]
[Result "1-0"]
[WhiteElo "2169"]
[BlackElo "2236"]

1.e4 d6 2.d4 Nf6 3.Nc3 Nbd7 4.Nf3 e5 5.Bc4 Be7 6.O-O O-O 7.Re1 c6 8.a4 a5
9.Ba2 h6 10.h3 Re8 11.Be3 Qc7 12.Qd2 exd4 13.Nxd4 Bf8 14.f3 Nc5 15.Rad1 Bd7
16.g4 Rad8 17.Kh1 d5 18.exd5 Nxd5 19.Nxd5 cxd5 20.Bxd5 Bxa4 21.Ba2 Kh8 22.Qf2
Rd7 23.b3 Bc6 24.Nxc6 Qxc6 25.Rxd7 Nxd7 26.Kg2 b5 27.c4 bxc4 28.bxc4 Nf6
29.Bd4 Rxe1 30.Qxe1 Bc5 31.Qxa5 Bxd4 32.Qd8+ Qe8 33.Qxd4 Qe2+ 34.Qf2 Qe5 35.c5
Nd7 36.c6 Nb8 37.Bxf7 Nxc6 38.Qa2 Qe7 39.Bd5 Nd8 40.Qc4 Qf6 41.Qe4 Qf8 42.h4
Nf7 43.Qf5 Qe7 44.Qxf7 Qe2+ 45.Kg3 Qe5+ 46.Kh3 {#r} 1-0

[Event "26th Chicago Open 2017"]
[Site "Chicago USA"]
[Date "2017.05.25"]
[Round "1.13"]
[White "Ghatti,Sanjay"]
[Black "Georgiev,Vl"]
[Result "0-1"]
[WhiteElo "2235"]
[BlackElo "2511"]
[EventType "swiss"]

1.e4 d6 2.d4 Nf6 3.Nc3 e5 4.Nf3 Nbd7 5.Bc4 Be7 6.dxe5 Nxe5 7.Nxe5 dxe5 8.Qxd8+
Bxd8 9.Be3 c6 10.a4 Bb6 11.Bxb6 axb6 12.Ke2 Ke7 13.Rhd1 Ne8 14.Bb3 g5 15.Ke3
h5 16.Ne2 h4 17.f3 Nc7 18.g3 Na6 19.Bc4 Nb4 20.Rd2 hxg3 21.hxg3 f5 22.c3 f4+
23.gxf4 gxf4+ 24.Kf2 b5 25.Bxb5 cxb5 26.cxb4 Be6 27.Rg1 Rh2+ 28.Ke1 Rxa4
29.Nc3 Ra1+ 30.Rd1 Rxd1+ 31.Nxd1 Rc2 32.Rg7+ Kd6 33.Rxb7 Bc4 34.Nc3 Rxb2
35.Rb6+ Kc7 36.Rf6 Rxb4 37.Rf5 Kd6 38.Rf6+ Kc5 39.Kd2 Rb2+ 40.Ke1 Kd4 {#R} 0-1

[Event "4th Gligoric Cup 2017"]
[Site "Novi Banovci SRB"]
[Date "2017.05.26"]
[Round "2.5"]
[White "Ivkovic,Dragan B"]
[Black "Scepanovic,L"]
[Result "0-1"]
[WhiteElo "2039"]
[BlackElo "2161"]

1.e4 e5 2.Nf3 d6 3.d4 Nd7 4.Nc3 c6 5.Be3 Ngf6 6.h3 Be7 7.Be2 O-O 8.O-O b6
9.Qd2 Bb7 10.Bg5 Re8 11.Rad1 Qc7 12.Rfe1 b5 13.Bd3 a6 14.Ne2 exd4 15.Nexd4 g6
16.Bf4 c5 17.e5 cxd4 18.exf6 Bxf6 19.Ng5 Nc5 20.b4 Nxd3 21.cxd3 Be5 22.Ne4
Bxe4 23.Rxe4 Rac8 24.Bh6 d5 25.Re2 Bg7 26.Bxg7 Kxg7 27.Rde1 Rxe2 28.Qxe2 Qd6
29.Qg4 Qxb4 30.Re2 Qb2 31.Kh2 Qa3 {#R} 0-1

[Event "4th Gligoric Cup 2017"]
[Site "Novi Banovci SRB"]
[Date "2017.05.28"]
[Round "5.8"]
[White "Tomic,V"]
[Black "Scepanovic,L"]
[Result "0-1"]
[WhiteElo "2213"]
[BlackElo "2161"]

1.e4 e5 2.Nf3 d6 3.d4 Nd7 4.Nc3 c6 5.a4 Ngf6 6.Bc4 Be7 7.O-O O-O 8.Bb3 b6 9.h3
Bb7 10.Re1 a6 11.Bg5 Qc7 12.Qe2 b5 13.axb5 axb5 14.Rad1 exd4 15.Nxd4 Nd5
16.Nf5 h5 17.Nb1 {#R} 0-1

[Event "4th Gligoric Cup 2017"]
[Site "Novi Banovci SRB"]
[Date "2017.05.27"]
[Round "4.1"]
[White "Perunovic,Mil"]
[Black "Drazic,S"]
[Result "1-0"]
[WhiteElo "2603"]
[BlackElo "2427"]

1.e4 e5 2.Nf3 Nf6 3.Nxe5 d6 4.Nf3 Nxe4 5.d4 d5 6.Bd3 Bd6 7.O-O O-O 8.c4 c6
9.Nc3 Nxc3 10.bxc3 h6 11.Re1 Nd7 12.cxd5 cxd5 13.Qb3 Qc7 14.Qxd5 Qxc3 15.Qxd6
Qxd3 16.Ba3 Kh7 17.Rac1 a5 18.Qg3 Qb5 19.Bxf8 Nxf8 20.Qe5 Bd7 21.Rc7 Qxe5
22.Nxe5 Be6 23.Rxb7 Bxa2 24.Ra1 Be6 25.Rb5 Rd8 26.d5 Rxd5 27.Rxd5 Bxd5 28.Rxa5
Be6 29.Ra8 Kg8 30.f3 g5 31.Kf2 Kg7 32.Ke3 Nh7 33.Kd4 Nf6 34.Rd8 Nh5 35.Nd3 Bb3
36.Nc5 Bc2 37.Ke5 Nf4 38.Rd2 Bh7 39.Rb2 Ng6+ 40.Kd6 Nh4 41.Nd7 Bf5 42.Ne5 Be6
43.Nc6 Nf5+ 44.Ke5 Nh4 45.Nd4 Bc4 46.Nf5+ Nxf5 47.Kxf5 Be6+ 48.Ke5 Bc4 49.Rb6
Bf1 50.g3 Be2 51.f4 gxf4 52.gxf4 Bc4 53.Rc6 Ba2 54.Rc1 Kg6 55.Rg1+ Kh5 56.f5
Kh4 57.Rg3 h5 58.f6 Be6 59.Kd6 Bd5 60.Ke7 Bc4 61.Rg7 Kh3 62.Rxf7 Bxf7 63.Kxf7
h4 64.Ke6 Kxh2 65.f7 h3 66.f8=Q Kg1 67.Qc5+ Kg2 68.Qg5+ Kh1 69.Qc5 {#r} 1-0

[Event "36th Zalakaros Open 2017"]
[Site "Zalakaros HUN"]
[Date "2017.05.26"]
[Round "9.39"]
[White "Gazik,I"]
[Black "Lazarne Vajda,Szidonia"]
[Result "0-1"]
[WhiteElo "2292"]
[BlackElo "2357"]

1.e4 e5 2.Nf3 Nc6 3.c3 Nf6 4.d4 exd4 5.e5 Nd5 6.cxd4 Bb4+ 7.Bd2 Bxd2+ 8.Nbxd2
d6 9.Bb5 O-O 10.O-O Nce7 11.Re1 Ng6 12.Qb3 Ndf4 13.g3 Nh3+ 14.Kg2 c6 15.Bf1
dxe5 16.dxe5 Ng5 17.Rac1 Nxf3 18.Nxf3 Bg4 19.Ng1 Qa5 20.f4 Rad8 21.Kh1 Rd2
22.Bg2 Be6 23.Qc3 Qxc3 24.bxc3 Rxa2 25.Ra1 Rxa1 26.Rxa1 a6 27.Rb1 Bc8 28.Rd1
Ne7 29.Bf3 Be6 30.Rb1 b5 31.Ne2 a5 32.Nd4 Bd7 33.Kg2 Rb8 34.c4 b4 35.Ra1 b3
36.Rxa5 b2 37.Be4 g6 38.Bb1 Nf5 39.Nc2 Be6 40.Ra4 c5 41.g4 Ng7 42.Ne3 h5 43.h3
hxg4 44.hxg4 Bd7 45.Ra7 Bc6+ 46.Kf2 Ne6 47.f5 Nf4 48.Ra6 Bh1 49.Ra3 Nh3+
50.Kg3 Ng5 51.Kf4 Nh3+ 52.Kg3 Ng5 53.Kf4 Ne4 54.Nd5 Nd2 55.Nf6+ Kg7 56.Rh3 Rh8
57.Ne8+ Rxe8 58.Rxh1 Nxc4 59.e6 fxe6 60.fxg6 Rh8 61.Rd1 Kf6 62.Rd7 e5+ 63.Kg3
Rg8 64.Rf7+ Ke6 65.Rb7 Kd5 66.g7 e4 67.Ba2 Kd4 68.Rxb2 Rxg7 69.Bxc4 Kxc4
70.Rc2+ Kd4 71.Kf4 Rf7+ 72.Kg5 e3 73.Ra2 Rf2 74.Ra8 e2 75.Rd8+ Kc3 76.Re8 Kd2
77.Rd8+ Kc1 78.Re8 c4 79.Kh4 Kd2 80.Rd8+ Ke1 81.Kg3 Rf7 82.Rh8 c3 83.Kg2 c2
84.Rc8 Kd2 85.Rd8+ Kc3 86.Rc8+ Kb3 87.Rb8+ Ka4 {#R} 0-1

[Event "TCh-FRA Top 12 2017"]
[Site "Chartres FRA"]
[Date "2017.05.25"]
[Round "8.6"]
[White "Duda,J"]
[Black "Degraeve,JM"]
[Result "1-0"]
[WhiteElo "2693"]
[BlackElo "2592"]

1.e4 e5 2.Nf3 Nc6 3.d4 exd4 4.Nxd4 Bb4+ 5.c3 Bc5 6.Be3 Bb6 7.Nf5 g6 8.Bxb6
axb6 9.Ne3 Nf6 10.f3 Qe7 11.Be2 Qc5 12.Qd2 h5 13.Na3 Qe7 14.Nd5 Nxd5 15.exd5
Ne5 16.d6 Qxd6 17.Qxd6 cxd6 18.Nb5 Ke7 19.a4 g5 20.Kf2 Rh6 21.Nc7 Ra5 22.b4
Kd8 23.bxa5 Kxc7 24.axb6+ Kxb6 25.h4 g4 26.fxg4 hxg4 27.a5+ Kc7 28.Ra4 f5
29.g3 d5 30.Rd1 d6 31.Rxd5 Bd7 32.Rb4 Bc6 33.Rd2 Rf6 34.Bd3 Rf8 35.Rf4 Bd7
36.Bc2 Be6 37.Rd1 Rf6 38.h5 Nf7 39.Ke3 Bd7 40.Rdf1 Nh6 41.Rc4+ Kd8 42.Rb4 Bc8
43.Kf4 Nf7 44.Bb3 Ne5 45.Kg5 Ke7 46.Bd5 Rf8 47.Rfb1 {#r} 1-0

[Event "TCh-FRA Top 12 2017"]
[Site "Chartres FRA"]
[Date "2017.05.27"]
[Round "10.6"]
[White "Nataf,IA"]
[Black "Kryvoruchko,Y"]
[Result "0-1"]
[WhiteElo "2535"]
[BlackElo "2714"]

1.e4 e5 2.Nf3 Nc6 3.d4 exd4 4.Nxd4 Nf6 5.Nxc6 bxc6 6.e5 Qe7 7.Qe2 Nd5 8.c4 Ba6
9.Qe4 Nf6 10.Qe2 Nd5 11.Qe4 Nb6 12.Nc3 g6 13.c5 Bxf1 14.cxb6 f5 15.b7 Rd8
16.Qe3 Bxg2 17.Rg1 Bd5 18.Qxa7 Qxe5+ 19.Be3 Bb4 20.b8=Q Bxc3+ 21.bxc3 Qxc3+
22.Ke2 Rxb8 23.Qxb8+ Kf7 24.Qb1 f4 25.Qc1 Qe5 26.Rf1 Re8 27.a4 Qe4 28.Qc3 Bc4+
29.Kd2 Bxf1 30.Rxf1 fxe3+ 31.fxe3+ Kg8 32.Qb3+ d5 33.Rf2 c5 34.a5 c4 35.Qc3
Rb8 36.a6 Qb1 37.Qa5 Qd3+ {#R} 0-1

[Event "10th KIIT Elite Open 2017"]
[Site "Bhubaneswar IND"]
[Date "2017.05.29"]
[Round "6.10"]
[White "Nguyen Duc Hoa"]
[Black "Sahoo,U"]
[Result "1-0"]
[WhiteElo "2481"]
[BlackElo "2256"]

1.e4 e5 2.Nf3 Nc6 3.d4 exd4 4.Nxd4 Nf6 5.Nxc6 bxc6 6.Qe2 Qe7 7.Nc3 Qe6 8.Bd2
Rb8 9.O-O-O Bb4 10.e5 Nd5 11.Nxd5 cxd5 12.Bxb4 Rxb4 13.Qd2 Ra4 14.Bb5 Re4
15.f4 d4 16.Bd3 Re3 17.c3 c5 18.cxd4 cxd4 19.Qb4 Qd5 20.Bc4 Qxg2 21.Rhg1 Qc6
22.Rxd4 a5 23.Qd2 Re4 24.Rxe4 Qxe4 25.Bd5 Qf5 26.Rxg7 Rf8 27.Rg3 Ba6 28.Bg2
Qe6 29.Qxa5 Qc4+ 30.Kb1 Qe2 31.a4 Qd1+ 32.Ka2 Bc4+ 33.Ka3 d5 34.exd6 Qxd6+
35.Qb4 Kd7 36.Qxd6+ Kxd6 37.b4 Re8 38.Rc3 Re2 39.Rxc4 Rxg2 40.a5 Rxh2 41.a6
Rh1 42.Kb2 Rg1 43.a7 Rg8 44.b5 Kd5 45.Rc2 {#r} 1-0

[Event "26th Chicago Open 2017"]
[Site "Chicago USA"]
[Date "2017.05.27"]
[Round "4.14"]
[White "Aaron,D"]
[Black "Brown,Michael William"]
[Result "0-1"]
[WhiteElo "2320"]
[BlackElo "2489"]
[EventType "swiss"]

1.e4 e5 2.Nf3 Nc6 3.d4 exd4 4.Nxd4 Bc5 5.Nb3 Bb6 6.Nc3 Nf6 7.Qe2 a5 8.a4 Nb4
9.Bg5 O-O 10.O-O-O d6 11.h3 Re8 12.f4 Be6 13.Qf3 Qe7 14.Bd3 Bxb3 15.cxb3 Qe6
16.Bc4 d5 17.f5 Qe5 18.exd5 h6 19.Bd2 Be3 20.Bxe3 Qxe3+ 21.Qxe3 Rxe3 22.Rhe1
Rxe1 23.Rxe1 Kf8 24.Rd1 Rd8 25.g4 Rd7 26.Bb5 Rd6 27.Bc4 Rd7 28.Rd2 Ke7 29.Bb5
Rd8 30.Bc4 Rd7 31.Bb5 Rd8 32.Bc4 Re8 33.Bb5 Rf8 34.Be2 Kd6 35.Bc4 Re8 36.Nb5+
Kd7 37.Rd1 Re5 38.Nc3 Kd6 39.Nb5+ Kd7 40.Nc3 Re3 41.Bf1 Ne4 42.Nxe4 Rxe4
43.Kd2 Kd6 44.Rc1 Nxd5 45.Bc4 Nf4 46.h4 f6 47.Rg1 Ke5 48.Rg3 h5 49.Be6 hxg4
50.Rxg4 Rd4+ 51.Kc2 Nh5 52.Rg2 Rxh4 53.Bf7 Kd6 54.Bxh5 Rxh5 55.Rxg7 Rxf5
56.Rg4 Rc5+ 57.Kd3 f5 58.Rh4 Ke5 59.b4 Rd5+ 60.Ke3 axb4 61.Rxb4 b6 62.Rh4 Rd1
63.Rh7 f4+ 64.Kf3 Rf1+ 65.Ke2 Rc1 66.Kf3 Kd6 {#R} 0-1

[Event "36th Zalakaros Open 2017"]
[Site "Zalakaros HUN"]
[Date "2017.05.26"]
[Round "9.20"]
[White "Horvath,Ad1"]
[Black "Saptarshi,R"]
[Result "0-1"]
[WhiteElo "2469"]
[BlackElo "2407"]

1.e4 e5 2.Nf3 Nc6 3.Nc3 Nf6 4.h3 a6 5.g3 d5 6.exd5 Nxd5 7.Bg2 Nxc3 8.bxc3 Bc5
9.O-O O-O 10.Re1 Qf6 11.Bb2 Be6 12.d3 Rad8 13.Qe2 Rfe8 14.a3 Bb6 15.Rab1 Bd7
16.Nd2 Qg6 17.Kh2 f6 18.Ba1 Be6 19.c4 Bf7 20.Nb3 h5 21.h4 Be6 22.Be4 Qh6
23.Qf3 g5 24.Bc3 Bg4 25.Qg2 gxh4 26.Bd2 hxg3+ 27.Qxg3 Qg7 28.c5 Ba7 29.Rg1 Ne7
30.f3 f5 31.Bxb7 Kf7 32.Bxa6 Qf6 33.Bc4+ Nd5 34.Rbe1 f4 35.Qf2 Be6 36.Rg2 Rg8
37.Reg1 Rg3 38.Kh1 Rdg8 39.Bxd5 Qh4+ 40.Rh2 Rxg1+ 41.Qxg1 Rxg1+ 42.Kxg1 Qg5+
43.Rg2 Qe7 44.Be4 Bxc5+ 45.Nxc5 Qxc5+ 46.Kh2 h4 47.Bg6+ Kf6 48.Be1 h3 49.Bh4+
Kg7 50.Rg1 Qxc2+ 51.Kh1 Kf8 52.Be4 Qc5 53.a4 Bd5 54.Kh2 Qc2+ {#R} 0-1

[Event "36th Zalakaros Open 2017"]
[Site "Zalakaros HUN"]
[Date "2017.05.23"]
[Round "6.4"]
[White "Shyam,SM"]
[Black "Puranik,A"]
[Result "1-0"]
[WhiteElo "2535"]
[BlackElo "2459"]

1.e4 e5 2.Nf3 Nc6 3.Bc4 Bc5 4.O-O Nf6 5.d3 d6 6.c3 a6 7.a4 h6 8.Na3 O-O 9.Re1
Ba7 10.Nc2 Ne7 11.Be3 Bxe3 12.Nxe3 Ng6 13.a5 Nf4 14.d4 Nxe4 15.dxe5 dxe5
16.Qxd8 Rxd8 17.Nxe5 Be6 18.Rad1 Bxc4 19.N3xc4 Rxd1 20.Rxd1 f6 21.Ng4 Re8
22.Nge3 h5 23.h4 Kf8 24.Kf1 Ne6 25.Ke2 g5 26.g3 Kf7 27.Rd7+ Re7 28.Rxe7+ Kxe7
29.Nd5+ Kf7 30.Ke3 gxh4 31.gxh4 f5 32.f3 Nf6 33.Ne5+ Kg7 34.Nf4 Nd8 35.b4 Kf8
36.Nfg6+ Kg7 37.Ne7 Ne8 38.Nxf5+ Kf6 39.Ke4 Ne6 40.Nd7+ Kg6 41.c4 Kf7 42.f4
Kg6 43.c5 Kf7 44.Ne5+ Kf6 45.Ng3 N6g7 46.f5 Ke7 47.Kf4 Nf6 48.Kg5 Nd5 49.Kg6
{#r} 1-0

[Event "36th Zalakaros Open 2017"]
[Site "Zalakaros HUN"]
[Date "2017.05.24"]
[Round "7.40"]
[White "Arman,D"]
[Black "Havanecz,B"]
[Result "0-1"]
[WhiteElo "2377"]
[BlackElo "2210"]

1.e4 e5 2.Nf3 Nc6 3.Bc4 Bc5 4.O-O Nf6 5.d4 Bxd4 6.Nxd4 Nxd4 7.f4 d6 8.fxe5
dxe5 9.Bg5 Qe7 10.c3 Ne6 11.Bxf6 Qc5+ 12.Kh1 Qxc4 13.Bxe5 Qxe4 14.Bxc7 O-O
15.Nd2 Qg6 16.Bg3 Ng5 17.Qb3 b6 18.Qb5 Bb7 19.Qd7 Bxg2+ 20.Kxg2 Rad8 21.Qa4
Rxd2+ 22.Rf2 b5 23.Qg4 h5 {#R} 0-1